00830cam a22002171 4500001001300000003000400013005001700017008004100034010001700075035002000092040002100112042001200133050002300145100002600168245013700194260009200331300005300423410009500476650002400571999001700595gs 16000552 DLC20260227111320.0891014s1916 ag abf 000 0 spa  ags 16000552  a(OCoLC)20493428 aDLCcCUdCUdDLC apremarc00aQE231b.A28 no. 141 aBeder, Robert,d1885-00aEstudios geológicos e hidrogeológicos en los alrededores de Villa Dolores (Provincia de Córdoba)cpor el doctor Roberto Beder. aBuenos Aires,bTalleres gráficos del Ministerio de agricultura de la nación,c1916. a37 p.bplates, maps (part fold.) diagrs.c27 cm.10aArgentina.bDirección General de Minas y Geología.tBoletinvno. 14. ser. B (Geologia) 0aGeologyzArgentina. c25699d25699